ARRUPE JESUIT UNIVERSITY

CORONAVIRUS -STOP THE SPREAD - CLEAN,DISINFECT,COVER

Church and state through the centuries; (Record no. 118229)

MARC details
000 -LEADER
fixed length control field 00929cam a22002651 4500
001 - CONTROL NUMBER
control field 8855467
003 - CONTROL NUMBER IDENTIFIER
control field ARRUPE
005 - DATE AND TIME OF LATEST TRANSACTION
control field 20131002113317.0
008 - FIXED-LENGTH DATA ELEMENTS--GENERAL INFORMATION
fixed length control field 740820s1954 xx 000 0 eng
010 ## - LIBRARY OF CONGRESS CONTROL NUMBER
LC control number 54012446
035 ## - SYSTEM CONTROL NUMBER
System control number (OCoLC)983480
040 ## - CATALOGING SOURCE
Original cataloging agency DLC
Transcribing agency TxU-Da
Modifying agency OCoLC
-- DLC
042 ## - AUTHENTICATION CODE
Authentication code premarc
050 00 - LIBRARY OF CONGRESS CALL NUMBER
Classification number BV630.A1
Item number E37
300 ## - PHYSICAL DESCRIPTION
Dimensions 22 cm.
100 1# - MAIN ENTRY--PERSONAL NAME
Personal name Ehler, Sidney Z.,
Relator term ed. and tr.
9 (RLIN) 2024
245 10 - TITLE STATEMENT
Title Church and state through the centuries;
Remainder of title a collection of historic documents with commentaries.
Statement of responsibility, etc Translated and edited by Sidney Z. Ehler and John B. Morrall.
260 ## - PUBLICATION, DISTRIBUTION, ETC. (IMPRINT)
Place of publication, distribution, etc Westminster, Md.,
Name of publisher, distributor, etc Newman Press
Date of publication, distribution, etc [1954]
300 ## - PHYSICAL DESCRIPTION
Extent 625 p.
600 ## - SUBJECT ADDED ENTRY--PERSONAL NAME
Personal name Ehler, Sidney Z
9 (RLIN) 2025
600 ## - SUBJECT ADDED ENTRY--PERSONAL NAME
Personal name Morrall, John B.
9 (RLIN) 2026
650 #0 - SUBJECT ADDED ENTRY--TOPICAL TERM
Topical term or geographic name as entry element Church and state
General subdivision History
-- Sources.
9 (RLIN) 2027
700 1# - ADDED ENTRY--PERSONAL NAME
Personal name Morrall, John B.,
Relator term joint ed. and tr.
9 (RLIN) 2028
906 ## - LOCAL DATA ELEMENT F, LDF (RLIN)
a 7
b cbc
c oclcrpl
d u
e ncip
f 19
g y-gencatlg
942 ## - ADDED ENTRY ELEMENTS (KOHA)
Source of classification or shelving scheme Library of Congress Classification
Koha item type Monograph ( Printed materials)
Holdings
Withdrawn status Lost status Source of classification or shelving scheme Damaged status Not for loan Home library Current library Shelving location Date acquired Total Checkouts Full call number Barcode Date last seen Date checked out Price effective from Koha item type
    Library of Congress Classification     ARRUPE LIBRARY ARRUPE LIBRARY Main Collection 02/10/2013 1 BV630.A1 E37 46410695 08/09/2017 01/09/2017 02/10/2013 Monograph ( Printed materials)

 

Arrupe Library. PO Box MP320 Mt Pleasant, Harare, Zimbabwe
263 242 745411|librarian@aju.ac.zw